000 00660nam a2200217Ia 4500
005 20230707095140.0
008 210716s1992 xx 000 0 und d
020 _a81856231015
040 _cAIMIT LIBRARY
041 _aeng
082 _a005.43
_21
_bDEVB
100 _aDevignon, Bernhard.
_9125864
245 _aUnix c programming :
_bmanual /
_cBy Bernhard Davignon
250 _a1st ed.
260 _aNew Delhi :
_bGalgotia Publication Pvt Lttd ,
_c1992.
300 _ax,429 p.;
_c24.5 cm.
650 _aUnix environment
_9125865
650 _aBasics of the language c
_9125866
650 _aAdvanced concepts
_9125867
942 _2ddc
_cBK
_k005.43 DEVB
999 _c182410
_d182410